Gaming Quiz

Random Gaming or Video Games Quiz

Assassin's Creed Games Quiz Stats

 Plays Quiz Updated Nov 26, 2018

Also try: Video Game Memes
Challenge
Share
Tweet
Embed
Score 0/11 Timer 02:00
8 Plays Today
Year Game % Correct
2007Assassin's Creed
94.1%
2009Assassin's Creed II
88.8%
2013Assassin's Creed IV: Black Flag
87.8%
2012Assassin's Creed III
85.8%
2010Assassin's Creed: Brotherhood
85.2%
2017Assassin's Creed Origins
83%
2014Assassin's Creed Unity
77.8%
2011Assassin's Creed: Revelations
75.2%
2018Assassin's Creed Odyssey
74.3%
2015Assassin's Creed Syndicate
73.8%
2014Assassin's Creed Rogue
61.3%

You're not logged in!

Compare scores with friends on all Sporcle quizzes.
OR
Log In

You Might Also Like...

Show Comments

Extras

Top Quizzes Today


Score Distribution

Your Account Isn't Verified!

In order to create a playlist on Sporcle, you need to verify the email address you used during registration. Go to your Sporcle Settings to finish the process.

Report this User

Report this user for behavior that violates our Community Guidelines.

Details: